K východiskám znalostného manažmentu

Stručný exkurz do dvoch firiem s pohľadom na znalostný manažment predmetnej problematiky. Vnútrofiremná i celospoločenská atmosféra a jej pôsobenie na priamych aktérov zapojených do uplatňovania znalostného manažmentu.

Salvato in:
Dettagli Bibliografici
Autore principale: Lipták, František
Altri autori: Paulen, Boris
Natura: Capitolo di libro
Lingua:slovacco
Soggetti:
Tags: Aggiungi Tag
Nessun Tag, puoi essere il primo ad aggiungerne!!

MARC

LEADER 00000nla a2200000 4500
001 0205593
005 20240417075059.1
041 0 |a slo 
044 |a SK 
245 1 0 |a K východiskám znalostného manažmentu  |c František Lipták, Boris Paulen 
520 |a Stručný exkurz do dvoch firiem s pohľadom na znalostný manažment predmetnej problematiky. Vnútrofiremná i celospoločenská atmosféra a jej pôsobenie na priamych aktérov zapojených do uplatňovania znalostného manažmentu. 
610 2 0 |a manažment znalostný 
610 2 0 |a ekonomika znalostná 
610 2 0 |a metódy riadenia 
610 2 0 |a riadenie znalostí 
610 2 0 |a kultúra podniková 
610 2 0 |a riadenie podľa cieľov 
100 1 |a Lipták, František 
700 1 |a Paulen, Boris